Guide de comptabilité( le secret) (Record no. 62062)
[ view plain ]
| 000 -LEADER | |
|---|---|
| fixed length control field | 00802nam a22002177a 4500 |
| 003 - CONTROL NUMBER IDENTIFIER | |
| control field | 00 |
| 005 - DATE AND TIME OF LATEST TRANSACTION | |
| control field | 20221107105139.0 |
| 008 - FIXED-LENGTH DATA ELEMENTS--GENERAL INFORMATION | |
| fixed length control field | 220202b ||||| |||| 00| 0 eng d |
| 020 ## - NUMERO INTERNATIONAL NORMALISE DES LIVRES | |
| International Standard Book Number | 978-999 19-0-792-5 |
| 040 ## - SOURCE DU CATALOGAGE | |
| Original cataloging agency | BUAC |
| Language of cataloging | BUC |
| Transcribing agency | Fre |
| 041 ## - CODE DE LANGUE | |
| Language code of text/sound track or separate title | Fre |
| 100 ## - VEDETTE PRINCIPALE - NOM DE PERSONNE | |
| Relator code | Expédit G. Sangnidjo |
| 245 ## - TITLE STATEMENT | |
| Title | Guide de comptabilité( le secret) |
| Remainder of title | la comptabilité analytique de gestion , la gestio prévisionnelle, la gestion budgétaire , la comptabilité des sociétés , l'analyse d'exploitation |
| Statement of responsibility, etc | / par Expédit G. Sangnidjo |
| 250 ## - EDITION STATEMENT | |
| Edition statement | 2éme Ed. |
| 260 ## - PUBLICATION, DISTRIBUTION, ETC. (IMPRINT) | |
| Place of publication, distribution, etc | Abomey-Calavi : |
| Name of publisher, distributor, etc | Ed. Sache, |
| Date of publication, distribution, etc | 2020. |
| 300 ## - PHYSICAL DESCRIPTION | |
| Extent | 560 p. |
| Other physical details | couv. en coul |
| Dimensions | 26 cm. |
| 630 ## - SUBJECT ADDED ENTRY--UNIFORM TITLE | |
| Uniform title | SCIENCES APPLIQUEES -TECHNIQUES |
| 650 ## - SUBJECT ADDED ENTRY--TOPICAL TERM | |
| Topical term or geographic name as entry element | COMPTABILITE |
| 651 ## - SUBJECT ADDED ENTRY--GEOGRAPHIC NAME | |
| Geographic name | Comptabilité : corriges types des cas et sujets |
| 942 ## - ADDED ENTRY ELEMENTS (KOHA) | |
| Source of classification or shelving scheme | Dewey Decimal Classification |
| Koha item type | Libre Accès |
| Withdrawn status | Lost status | Source of classification or shelving scheme | Damaged status | Not for loan | Location (home branch) | Sublocation or collection (holding branch) | Shelving location | Date acquired | Source of acquisition | Coded location qualifier | Koha issues (times borrowed) | Koha full call number | Piece designation (barcode) | Koha date last seen | Copy number | Price effective from | Koha item type |
|---|---|---|---|---|---|---|---|---|---|---|---|---|---|---|---|---|---|
| Dewey Decimal Classification | Bibliothèque Universitaire Centrale | Bibliothèque Universitaire Centrale | 02/02/2022 | ACHAT | 21/0316 | 657 SAN | 21-0316 | 02/02/2022 | 1 | 02/02/2022 | Libre Accès | ||||||
| Dewey Decimal Classification | Bibliothèque Universitaire Centrale | Bibliothèque Universitaire Centrale | 07/11/2022 | ACHAT | 21/0296 | 657 SAM | 21-0296Buc | 07/11/2022 | 2 | 07/11/2022 | Libre Accès | ||||||
| Dewey Decimal Classification | Bibliothèque Universitaire Centrale | Bibliothèque Universitaire Centrale | 07/11/2022 | ACHAT | 21/0297 | 657 SAM | 21-0297BuC | 07/11/2022 | 3 | 07/11/2022 | Libre Accès |